000 00540nam a2200229Ia 4500
003 0100
008 130307s9999 xx 000 0 und d
040 _cARRUPELIB
050 _aBF77.H58
100 _aHolland, James G
245 4 _aThe analysis of behavior
245 _ba program for self-instruction
260 _aNew York
260 _bMcGraw-Hill Book Company
260 _c1961
300 _a174p.
300 _b24cm.
650 _aPSYCHOLOGY
650 _bPhilosophy - history
700 _aSkinner, B. F
942 0 0 _01
999 _c94859
_d94859